Geographie Islands - mit Karte - Statistiken

Allgemein
  • Dieses Quiz wurde 35 mal gespielt
  • Das Durchschnittsergebnis liegt bei 6 aus 21
Antworten auf der Karte
Die Antworten werden auf der Karte rot bzw. grün angezeigt, abhängig davon wie oft sie richtig erraten wurden.
 
Antwortstatistiken
Objekt % Korrekt
{Reykja}nesskagi
77%
{Vatna}jökull
67%
{Eyjafjalla}jökull
50%
{Gríms}ey
37%
{Gríms}vötn
37%
{Vestmanna}eyjar
33%
{Lang}jökull
30%
{Hofs}jökull
27%
{Mýrdals}jökull
27%
{Snæfells}nes
27%
{Breiða}fjörður
23%
Hvannadalshnúkur
23%
{Faxa}flói
20%
{Húna}flói
20%
{Öræfa}jökull
20%
{Skaga}fjörður
17%
Skagi
17%
{Skaftár}jökull
13%
{Breiðamerkur}jökull
10%
{Hrís}ey
10%
{Skeiðarár}jökull
10%
Keine übereinstimmenden Quizze gefunden
Verteilung der Resultate
Anzahl Personen mit jedem Resultat
Perzentil nach korrekt beantworteten Fragen
Ihre Resultats-Entwicklung
Sie haben dieses Quiz noch nicht gespielt